Statistics for FIFA 17 Top 8 Midfielders

Click here to take the quiz!

General Stats

  • This quiz has been taken 605 times
  • The average score is 7 of 8

Answer Stats

RankRatingTeamAnswer% Correct
2.89Real MadridModric
97%
1.89ArsenalOzil
96%
7.88Real MadridKroos
95%
3.88Manchester Utd.Pogba
93%
5.88FC BarcelonaIniesta
92%
6.88Borussia DortmundReus
91%
4.88Manchester CityDe Bruyne
90%
8.88ChelseaHazard
83%

Score Distribution

Percentile by Number Answered

Percent of People with Each Score

Your Score History

You have not taken this quiz